LEADER 01089nas 2200361- 450 001 9910918000803321 005 20241104213016.0 011 $a2993-7574 035 $a(OCoLC)1391989774 035 $a(CKB)5400000000158858 035 $a(CONSER)--2023203016 035 $a(EXLCZ)995400000000158858 100 $a20230802a20249999 --- a 101 0 $aeng 135 $aur||||||||||| 181 $ctxt$2rdacontent 182 $cc$2rdamedia 183 $acr$2rdacarrier 200 00$aMathematics in medical and life sciences 210 1$a[Philadelphia, Pennsylvania] :$cTaylor & Francis,$d[2024]- 517 1 $aMathematics in medical & life sciences 517 1 $aMMLS 531 0 $aMath. med. life sci. 606 $aMedicine$xMathematics$vPeriodicals 606 $aLife sciences$xMathematics$vPeriodicals 608 $aPeriodicals.$2lcgft 615 0$aMedicine$xMathematics 615 0$aLife sciences$xMathematics 676 $a570.151 906 $aJOURNAL 912 $a9910918000803321 996 $aMathematics in medical and life sciences$94305857 997 $aUNINA